Sexualidad y crimen
Zapisane w:
| 1. autor: | |
|---|---|
| Format: | Książka |
| Język: | hiszpański |
| Wydane: |
Madrid
Reus
1969
|
| Hasła przedmiotowe: | |
| Etykiety: |
Dodaj etykietę
Nie ma etykietki, Dołącz pierwszą etykiete!
|
MARC
| LEADER | 00000nam a2200000 a 4500 | ||
|---|---|---|---|
| 001 | UCV2934 | ||
| 003 | CL-VaPUC | ||
| 008 | 930111e19690000SP |||||||||||||||||spa|d | ||
| 082 | 0 | 4 | |a 345 |b ACK |2 21 |
| 100 | 0 | |a Ackermann, Heinrich |e author |9 297238 | |
| 245 | 1 | 0 | |a Sexualidad y crimen |
| 300 | |a 439 p | ||
| 942 | |c BK | ||
| 945 | |d 19930111 00:00:00 | ||
| 260 | |a Madrid |b Reus |c 1969 | ||
| 650 | 7 | |a DERECHO PENAL |2 CL-VaPUC |9 11 | |
| 650 | 7 | |a SEXO Y DERECHO |2 CL-VaPUC |9 258024 | |
| 650 | 7 | |a DERECHO PENAL SEXUAL |2 CL-VaPUC |9 258527 | |
| 583 | |a last modification |c 19930111 00:00:00 |k Rodrigo Vera | ||
| 999 | |c 210373 |d 210371 | ||
| 952 | |0 0 |1 0 |4 0 |6 345_000000000000000_ACK_1969 |7 0 |8 A |9 186540 |a BIBDER |b BIBDER |d 2019-11-14 |i 2540592 |l 4 |m 2 |o 345 ACK 1969 |p 2540592 |r 2024-11-18 |s 2024-11-18 |w 2019-11-14 |y BK |k DER | ||